[Event "GRE-ch Online Blitz op 1st"]
[Site "Tornelo INT"]
[Date "2021.02.07"]
[Round "15"]
[White "Lianas, Ioannis"]
[Black "Kalogridis, Themistoklis"]
[Result "1-0"]
[WhiteElo "1724"]
[BlackElo "1189"]
[PlyCount "53"]
[EventDate "2021.02.07"]
[EventType "swiss (blitz)"]
[EventRounds "16"]
[EventCountry "GRE"]
[SourceTitle "EXT 2023"]
[Source "ChessBase"]
[SourceDate "2022.10.05"]
[SourceVersion "1"]
[SourceVersionDate "2022.10.05"]
[SourceQuality "1"]

1. Nf3 d5 2. g3 Nf6 3. Bg2 g6 4. 0-0 Bg7 5. d3 0-0 6. c3 c5 7. Nbd2 Nc6 8. e4 dxe4 9. dxe4 e5 10. Qe2 Be6 11. h3 Qc7 12. Ng5 Bd7 13. Nc4 h6 14. Nf3 Be6 15. Re1 Rad8 16. Nh4 b5 17. Ne3 c4 18. a4 a6 19. axb5 axb5 20. Nc2 Ra8 21. Be3 Nd7 22. Nf3 Qb7 23. Red1 Rxa1 24. Rxa1 Ra8 25. Qd1 Ra6 26. Rxa6 Qxa6 27. Qd6 1-0

[Event "Thessaloniki-Chalkidiki-chT B local"]
[Site "Thessaloniki"]
[Date "2019.03.17"]
[Round "8.1"]
[White "Lianas, Ioannis"]
[Black "Tsikerdanos, Konstantinos"]
[Result "0-1"]
[WhiteElo "1955"]
[BlackElo "1882"]
[PlyCount "92"]
[EventDate "2019.01.13"]
[EventType "team-swiss"]
[EventRounds "9"]
[EventCountry "GRE"]
[SourceTitle "EXT 2020"]
[Source "ChessBase"]
[SourceDate "2019.10.17"]
[SourceVersion "1"]
[SourceVersionDate "2019.10.17"]
[SourceQuality "1"]

1. f4 d5 2. Nf3 Nc6 3. g3 f6 4. Bg2 e5 5. fxe5 fxe5 6. d4 e4 7. Ne5 Nxe5 8. dxe5 Bc5 9. c4 c6 10. Nc3 Be6 11. cxd5 cxd5 12. b4 Bb6 13. Nb5 Ne7 14. Nd6+ Kf8 15. Bg5 h6 16. Nxb7 Qc7 17. Bxe7+ Kxe7 18. Nc5 Bxc5 19. bxc5 Qxc5 20. Rc1 Qa5+ 21. Qd2 Qb6 22. Rf1 Rac8 23. e3 Rxc1+ 24. Qxc1 Rc8 25. Qa3+ Qc5 26. Qxc5+ Rxc5 27. Rf2 Rc3 28. Rb2 Rxe3+ 29. Kf2 Ra3 30. h3 Bd7 31. g4 Ke6 32. Rb7 Rxa2+ 33. Kg3 a5 34. Bf1 g5 35. Rb6+ Kxe5 36. Rxh6 Ra3+ 37. Kg2 Be8 38. Rh8 Bf7 39. Rf8 Be6 40. Re8 Kf6 41. Bb5 Ra2+ 42. Kg3 a4 43. Ra8 a3 44. h4 gxh4+ 45. Kxh4 Ra1 46. g5+ Ke5 0-1

[Event "Thessaloniki-Chalkidiki-chT B local"]
[Site "Thessaloniki"]
[Date "2019.01.13"]
[Round "1.1"]
[White "Hondrogiannis, Sokratis"]
[Black "Lianas, Ioannis"]
[Result "0-1"]
[WhiteElo "1935"]
[BlackElo "1955"]
[PlyCount "84"]
[EventDate "2019.01.13"]
[EventType "team-swiss"]
[EventRounds "9"]
[EventCountry "GRE"]
[SourceTitle "EXT 2020"]
[Source "ChessBase"]
[SourceDate "2019.10.17"]
[SourceVersion "1"]
[SourceVersionDate "2019.10.17"]
[SourceQuality "1"]

1. e4 d6 2. d4 Nf6 3. Nc3 g6 4. Be3 c6 5. f3 b5 6. Qd2 Nbd7 7. g4 Nb6 8. a4 b4 9. Nb1 a5 10. c3 bxc3 11. Nxc3 h5 12. g5 Nfd7 13. f4 Bg7 14. Nf3 0-0 15. e5 c5 16. dxc5 Bb7 17. Kf2 Nxc5 18. Bxc5 dxc5 19. Qe3 Nd5 20. Nxd5 Qxd5 21. Bg2 Rfd8 22. Rac1 Qa2 23. Qxc5 Bxf3 24. Bxf3 Qxb2+ 25. Kg3 Rab8 26. Rhd1 Rd2 27. Rxd2 Qxd2 28. Rc2 Qe1+ 29. Qf2 Qb4 30. Bc6 Bxe5 31. Bb5 Qb3+ 32. Kg2 Bxf4 33. Bc4 Qb7+ 34. Kg1 Qe4 35. Rc3 Rb1+ 36. Bf1 Qe5 37. Rf3 Qxg5+ 38. Kh1 e5 39. Qc2 Rc1 40. Qd3 Kg7 41. Qd5 Re1 42. Qxa5 Qh4 0-1